000 00291nam a22001337a 4500
008 170620b xxu||||| |||| 00| 0 eng d
020 _a0822306204
041 _aeng
080 _a324
100 _a20
101 _aSHP
245 _aBRITAIN AT THE POLLS, 1983
_cRANNEY,A
942 _2udc
_cBK
999 _c18240
_d18240